Textbook of Gynaecology: contraception and demography. (Record no. 1362)

MARC details
000 -LEADER
fixed length control field 00534nam a22002057a 4500
003 - CONTROL NUMBER IDENTIFIER
control field OSt
005 - DATE AND TIME OF LATEST TRANSACTION
control field 20191119115121.0
008 - FIXED-LENGTH DATA ELEMENTS--GENERAL INFORMATION
fixed length control field 150408b xxu||||| |||| 00| 0 eng d
040 ## - CATALOGING SOURCE
Transcribing agency DNLM
082 ## - DEWEY DECIMAL CLASSIFICATION NUMBER
Classification number WP100 D32t 2003
100 ## - MAIN ENTRY--PERSONAL NAME
Personal name Dawn, C.S.
9 (RLIN) 3610
245 ## - TITLE STATEMENT
Title Textbook of Gynaecology: contraception and demography.
250 ## - EDITION STATEMENT
Edition statement 14th ed.
260 ## - PUBLICATION, DISTRIBUTION, ETC. (IMPRINT)
Place of publication, distribution, etc. India;
Name of publisher, distributor, etc. Dawn,
Date of publication, distribution, etc. 2003
300 ## - PHYSICAL DESCRIPTION
Extent 256p;
Other physical details col.ill:
Dimensions 24cm
504 ## - BIBLIOGRAPHY, ETC. NOTE
Bibliography, etc Index included
650 ## - SUBJECT ADDED ENTRY--TOPICAL TERM
Topical term or geographic name as entry element Gynaecology
9 (RLIN) 330
650 ## - SUBJECT ADDED ENTRY--TOPICAL TERM
Topical term or geographic name as entry element Contraception
9 (RLIN) 3494
942 ## - ADDED ENTRY ELEMENTS (KOHA)
Source of classification or shelving scheme Other/Generic Classification Scheme
Koha item type Open Shelf
Holdings
Withdrawn status Lost status Source of classification or shelving scheme Damaged status Not for loan Home library Current library Date acquired Source of acquisition Inventory number Total Checkouts Full call number Barcode Date last seen Koha item type
    Other/Generic Classification Scheme     MUST Main Library MUST Main Library 08/04/2015   14/38246   WP100 D32t 2003 2015-0818 08/04/2015 Open Shelf
    Other/Generic Classification Scheme     MUST Main Library MUST Main Library 08/04/2015   14/38247   WP100 D32t 2003 2015-0819 08/04/2015 Open Shelf